| 000 | 00686nam a2200181Ia 4500 | ||
|---|---|---|---|
| 008 | 100920s9999 xx 000 0 und d | ||
| 082 |
_b94965 _a891.43 न 06 |
||
| 100 | _aशेवडे गोपाल कृष्ण. | ||
| 245 | _aरसायन विज्ञान शब्दकोश. | ||
| 260 |
_bविज्ञान शिक्षण केंद्र,दिल्ली. _c2006 |
||
| 300 |
_a320 _bसाधी |
||
| 365 | _b500 | ||
| 520 | _aहिंदी. | ||
| 630 | _aरसायन विज्ञान शब्दकोश. | ||
| 650 | _aहिंदी. | ||
| 730 | _aरसायन विज्ञान शब्दकोश. | ||
| 942 | _cBOOK | ||
| 999 |
_c735407 _d735404 |
||